Metodika operativních měsíčních rozborů spotřeby krmiv /

Hlavní autor: Sedláček, František
Jazyk: Čeština
Vydáno: Praha : Výzkumný ústav zemědělské ekonomiky, [1964]
Témata:
Fyzický popis: 20 s. ; 8°
Knihy
Uloženo v:
LEADER 01036nam a22002892a 4500
001 001637609
003 CZ BrMZK
005 20180815124839.0
007 ta
008 180710s1964 xr erf||||||||||cze d
015 |a cnb000479116 
035 |a (OCoLC)42122132 
040 |a ABA001  |b cze  |c OLA001  |d ABA001  |d ABA009  |d BOA001 
072 7 |a 636  |x Chov zvířat. Živočišná výroba  |2 Konspekt  |9 24 
080 |a 636.085/.087  |2 MRF 
080 |a (072)  |2 MRF 
100 1 |a Sedláček, František  |7 hka2013745007  |4 aut 
245 1 0 |a Metodika operativních měsíčních rozborů spotřeby krmiv /  |c zpracoval František Sedláček a kol. 
260 |a Praha :  |b Výzkumný ústav zemědělské ekonomiky,  |c [1964] 
300 |a 20 s. ;  |c 8° 
650 0 7 |a krmiva  |7 ph115017  |2 czenas 
650 0 7 |a krmivářství  |7 ph121965  |2 czenas 
655 7 |a metodické příručky  |7 fd132826  |2 czenas 
910 |a BOA001  |b X-0513.121 
990 |a BK 
991 |b 201806 
996 6 |b 2618945420  |c X-0513.121  |l MZK  |r Sklad / do 24 hodin  |n 0  |w 001673546  |u 000010  |a 1  |e BOA001  |j MZK50  |s P